000 00544nam a2200181Ia 4500
008 100920s9999 xx 000 0 und d
082 _b80551
_a28 व 891,43 0
100 _aकृष्णा विनीता.
245 _aनीना की नानी.
260 _b---
_c0
300 _a10
_bसाधी
365 _b40
520 _aबा.वि.हिंदी.
630 _aनीना की नानी.
650 _aबा.वि.हिंदी.
730 _aनीना की नानी.
942 _cBOOK
999 _c721444
_d721441